Szórakoztató műfajok - iskolán kívül szerzett zenei élmények felhasználása a tanítás során

Elmentve itt :
Bibliográfiai részletek
Szerző: Laczi Júlia
Testületi szerző: Nemzetközi zenei konferencia (10.) (2009) (Szeged)
Dokumentumtípus: Könyv része
Megjelent: SZTE JGYPK Művészeti Intézet Ének-zene Tanszék Szeged 2010
Sorozat:A Juhász Gyula Pedagógusképző Kar Ének-Zene Tanszékének kiadványai
Évfordulós zeneszerzők, 2009 : tanulmánykötet
Nemzetközi Zenei Konferencia
Kulcsszavak:Zene tanítása, Zenepedagógia, Zenei élet
Tárgyszavak:
Online Access:http://acta.bibl.u-szeged.hu/76739
LEADER 01119naa a2200241 i 4500
001 acta76739
005 20260312145449.0
008 221015s2010 hu o 100 hun d
020 |a 978 963 9927 30 8 
040 |a SZTE Egyetemi Kiadványok Repozitórium  |b hun 
041 |a hun 
100 1 |a Laczi Júlia 
245 1 0 |a Szórakoztató műfajok - iskolán kívül szerzett zenei élmények felhasználása a tanítás során  |h [elektronikus dokumentum] /  |c  Laczi Júlia 
260 |a SZTE JGYPK Művészeti Intézet Ének-zene Tanszék  |b Szeged  |c 2010 
300 |a 51-59 
490 0 |a A Juhász Gyula Pedagógusképző Kar Ének-Zene Tanszékének kiadványai 
490 0 |a Évfordulós zeneszerzők, 2009 : tanulmánykötet 
490 0 |a Nemzetközi Zenei Konferencia 
650 4 |a Bölcsészettudományok 
650 4 |a Művészetek (művészetek, művészettörténet, előadóművészetek, zene) 
695 |a Zene tanítása, Zenepedagógia, Zenei élet 
710 |a Nemzetközi zenei konferencia (10.) (2009) (Szeged) 
856 4 0 |u http://acta.bibl.u-szeged.hu/76739/1/enek_zene_tanszek_2010_051-059.pdf  |z Dokumentum-elérés